000 00299nam a22001337a 4500
008 181030b xxu||||| |||| 00| 0 eng d
020 _a0809311364
041 _aeng
080 _a101
100 _a24
101 _aFIL
245 _aEssays on Logical Theory 1902-1903
_cDewey, J
942 _2udc
_cBK
999 _c51110
_d51110